000 00355nam a22001337a 4500
008 170615b xxu||||| |||| 00| 0 eng d
020 _a9780521894616
041 _aeng
080 _a32
100 _a19
101 _aSHP
245 _aTHE AMBITIONS OF CURIOSITY UNDERSTANDING THE WORLD ANCIENT GREECE AND CHINA
_cLLOYD.G.E.R
942 _2udc
_cBK
999 _c17600
_d17600